Pays frontaliers de la Suisse - Mort Subite - Statistiques

Statistiques générales
  • Ce quiz a été pris 157 fois
  • Le résultat moyen est 5 sur 6
Answers on the Grid
Answers color-coded by a green-red scale on the quiz's grid according to % correct below.
Allemagne
Autriche
Saint-Marin
Luxembourg
Italie
Italie
République tchèque
Monaco
France
Slovénie
Croatie
Liechtenstein
Belgique
 
Statistiques - réponses
Réponse % Correct
Allemagne
91%
Italie
89%
Autriche
88%
France
88%
Italie
81%
Liechtenstein
72%
Aucun quiz correspondant
Distribution des résultats
% des personnes avec chaque résultat
Percentile par nombre de réponses
Votre historique - résultats
Vous n’avez pas pris ce quiz